000 00306nam a22001337a 4500
082 _a894.812.1
_bCHER/R
100 _aCHERUSSERY
245 _aRUKMINEESWAMVARAM
246 _aRUKMINEESWAMVARAM
_bRUKMINEESWAMVARAM
260 _aINDIA
_bPOORNA
_c2002
300 _a99
650 _aMALAYALAM POEM
942 _cBK
999 _c8902
_d8902